Visualizzazione normale
Vista MARC
- Visitas pastorales
di Topical Term
Records bibliografici associati: 1
001 - CONTROL NUMBER
- control field: 28771
003 - CONTROL NUMBER IDENTIFIER
- control field: IT-RoINE
005 - DATE AND TIME OF LATEST TRANSACTION
- control field: 20161215074353.0
008 - FIXED-LENGTH DATA ELEMENTS
- fixed length control field: 161215|| aca||aabn | a|a d
040 ## - CATALOGING SOURCE
- Original cataloging agency: IT-RoINE
- Transcribing agency: IT-RoINE
150 ## - HEADING--TOPICAL TERM
- Topical term or geographic name as entry element: Visitas pastorales
- Geographic subdivision: España
- General subdivision: Historia
- General subdivision: Fuentes
670 ## - SOURCE DATA FOUND
- Source citation: Work cat.: (IT-RoINE)14225: Cárcel Ortí, María Milagros, 22840 1947-, Visitas pastorales y relaciones "Ad Limina" :, 2007.